Statistiken für Schlager - Interpreten zu Liedern

Klicken Sie hier um das Quiz zu spielen!

Allgemein

  • Dieses Quiz wurde 153 mal gespielt
  • Das Durchschnittsergebnis liegt bei 7 aus 16

Antwortstatistiken

HintAntwort% Korrekt
Griechischer WeinUdo Jürgens
92%
Ein Bett im KornfeldJürgen Drews
78%
Ein bisschen Spaß muss seinRoberto Blanco
68%
Immer wieder sonntagsCindy & Bert
65%
Er gehört zu mirMarianne Rosenberg
56%
Schwarzbraun ist die HaselnussHeino
52%
Fiesta MexicanaRex Gildo
48%
Ich liebe das LebenVicky Leandros
39%
MichaelaBata Illic
37%
Schöne MaidTony Marshall
36%
Er hat ein knallrotes GummibootWencke Myhre
32%
Wunder gibt es immer wiederKatja Ebstein
30%
Der Junge mit der MundharmonikaBernd Clüver
27%
Im Wagen vor mirHenry Valentino mit Uschi (Hans Blum und Ursula Peysang)
24%
El LuteMichael Holm
16%
Abraham (Das Lied vom Trödler)Wolfgang Hofer
7%

Verteilung der Resultate

Perzentil nach korrekt beantworteten Fragen

Anzahl Personen mit jedem Resultat

Ihre Resultats-Entwicklung

Sie haben dieses Quiz noch nicht gespielt